Sports Quiz

Random Sports or Olympics Quiz

Summer Olympic Top 10 Blitz Quiz Stats

 Plays Quiz Updated Aug 21, 2016

Challenge
Share
Tweet
Embed
Score 0/279 Timer 03:00
11 Plays Today
Olympics Country % Correct
1896United States
99.8%
1900United States
99.7%
1904United States
99.7%
1908United States
99.7%
1912United States
99.7%
1920United States
99.7%
1924United States
99.7%
1928United States
99.7%
1932United States
99.7%
1936United States
99.7%
1948United States
99.7%
1952United States
99.7%
1956United States
99.7%
1960United States
99.7%
1964United States
99.7%
1968United States
99.7%
1972United States
99.7%
1976United States
99.7%
1984United States
99.7%
1988United States
99.7%
1992United States
99.7%
1996United States
99.7%
2000United States
99.7%
2004United States
99.7%
2008United States
99.7%
2012United States
99.7%
2016United States
99.6%
1984China
97.8%
1988China
97.8%
1992China
97.8%
1996China
97.8%
2000China
97.8%
2004China
97.8%
2008China
97.8%
2012China
97.8%
1996Russia
96.2%
2000Russia
96.2%
2004Russia
96.2%
2008Russia
96.2%
2012Russia
96.2%
2016China
95.8%
1896Germany
95.7%
1900Germany
95.7%
1904Germany
95.7%
1908Germany
95.7%
1912Germany
95.7%
1928Germany
95.7%
1932Germany
95.7%
1936Germany
95.7%
1952Germany
95.7%
1956Germany
95.7%
1960Germany
95.7%
1964Germany
95.7%
1992Germany
95.7%
1996Germany
95.7%
2000Germany
95.7%
2004Germany
95.7%
2008Germany
95.7%
2012Germany
95.7%
1896Great Britain
95.4%
1900Great Britain
95.4%
1908Great Britain
95.4%
1912Great Britain
95.4%
1920Great Britain
95.4%
1924Great Britain
95.4%
1928Great Britain
95.4%
1932Great Britain
95.4%
1948Great Britain
95.4%
1956Great Britain
95.4%
1960Great Britain
95.4%
1964Great Britain
95.4%
1972Great Britain
95.4%
1980Great Britain
95.4%
1984Great Britain
95.4%
1988Great Britain
95.4%
2000Great Britain
95.4%
2004Great Britain
95.4%
2008Great Britain
95.4%
2012Great Britain
95.4%
1904Great Britain
95.3%
1896France
95%
1900France
95%
1908France
95%
1912France
95%
1920France
95%
1924France
95%
1928France
95%
1932France
95%
1936France
95%
1948France
95%
1952France
95%
1964France
95%
1968France
95%
Olympics Country % Correct
1980France
95%
1984France
95%
1992France
95%
1996France
95%
2000France
95%
2004France
95%
2008France
95%
2012France
95%
1932Japan
94.4%
1936Japan
94.4%
1956Japan
94.4%
1960Japan
94.4%
1964Japan
94.4%
1968Japan
94.4%
1972Japan
94.4%
1976Japan
94.4%
1984Japan
94.4%
2004Japan
94.4%
2012Japan
94.4%
2016Germany
94.1%
2016Russia
94.1%
2016Great Britain
92.8%
2016France
92.8%
1904Canada
91.3%
1908Canada
91.3%
1912Canada
91.3%
1928Canada
91.3%
1932Canada
91.3%
1984Canada
91.3%
2016Japan
90.5%
1920Italy
90.3%
1924Italy
90.3%
1928Italy
90.3%
1932Italy
90.3%
1936Italy
90.3%
1948Italy
90.3%
1952Italy
90.3%
1956Italy
90.3%
1960Italy
90.3%
1964Italy
90.3%
1968Italy
90.3%
1972Italy
90.3%
1980Italy
90.3%
1984Italy
90.3%
1996Italy
90.3%
2000Italy
90.3%
2004Italy
90.3%
2008Italy
90.3%
2012Italy
90.3%
1992Spain
89.8%
1908Australasia
88.9%
1896Australia
88.5%
1900Australia
88.5%
1956Australia
88.5%
1960Australia
88.5%
1964Australia
88.5%
1968Australia
88.5%
1984Australia
88.5%
1992Australia
88.5%
1996Australia
88.5%
2000Australia
88.5%
2004Australia
88.5%
2008Australia
88.5%
2012Australia
88.5%
2016Canada
88.4%
2016Italy
87.1%
2016Australia
84.7%
1896Greece
82.5%
1908Sweden
82.1%
1912Sweden
82.1%
1920Sweden
82.1%
1924Sweden
82.1%
1928Sweden
82.1%
1932Sweden
82.1%
1936Sweden
82.1%
1948Sweden
82.1%
1952Sweden
82.1%
1956Sweden
82.1%
1952Soviet Union
80.4%
1956Soviet Union
80.4%
1960Soviet Union
80.4%
1964Soviet Union
80.4%
1968Soviet Union
80.4%
1972Soviet Union
80.4%
1976Soviet Union
80.4%
1980Soviet Union
80.4%
1988Soviet Union
80.4%
1904Greece
80%
1908Norway
75.6%
1912Norway
75.6%
1920Norway
75.6%
1924Norway
75.6%
1960Poland
69.7%
Olympics Country % Correct
1964Poland
69.7%
1968Poland
69.7%
1972Poland
69.7%
1976Poland
69.7%
1980Poland
69.7%
1912Finland
69.7%
1920Finland
69.7%
1924Finland
69.7%
1928Finland
69.7%
1932Finland
69.7%
1936Finland
69.7%
1948Finland
69.7%
1952Finland
69.7%
1956Finland
69.7%
1988South Korea
68.3%
1992South Korea
68.3%
1996South Korea
68.3%
2000South Korea
68.3%
2004South Korea
68.3%
2008South Korea
68.3%
2012South Korea
68.3%
1920Netherlands
67.2%
1924Netherlands
67.2%
1928Netherlands
67.2%
1936Netherlands
67.2%
1948Netherlands
67.2%
1904Austria
66.9%
1896Austria
66.5%
1900Austria
66.5%
1896Switzerland
62.8%
1900Switzerland
62.8%
1904Switzerland
62.8%
1924Switzerland
62.8%
1928Switzerland
62.8%
1936Switzerland
62.8%
1948Switzerland
62.8%
1952Switzerland
62.8%
1968East Germany
61.5%
1972East Germany
61.5%
1976East Germany
61.5%
1980East Germany
61.5%
1988East Germany
61.5%
1896Denmark
60.9%
1900Denmark
60.9%
1912Denmark
60.9%
1920Denmark
60.9%
1948Denmark
60.9%
1968West Germany
60%
1972West Germany
60%
1976West Germany
60%
1984West Germany
60%
1988West Germany
60%
1896Hungary
59.7%
1900Hungary
59.7%
1904Hungary
59.7%
1908Hungary
59.7%
1912Hungary
59.7%
1932Hungary
59.7%
1936Hungary
59.7%
1948Hungary
59.7%
1952Hungary
59.7%
1956Hungary
59.7%
1960Hungary
59.7%
1964Hungary
59.7%
1968Hungary
59.7%
1972Hungary
59.7%
1976Hungary
59.7%
1980Hungary
59.7%
1988Hungary
59.7%
1992Hungary
59.7%
1900Belgium
58.5%
1908Belgium
58.5%
1920Belgium
58.5%
1924Belgium
58.5%
1960Romania
48.7%
1976Romania
48.7%
1980Romania
48.7%
1984Romania
48.7%
1988Romania
48.7%
1996Ukraine
47.8%
2008Ukraine
47.8%
1952Czechoslovakia
40.1%
1904Cuba
34%
1972Bulgaria
33%
1976Bulgaria
33%
1980Bulgaria
33%
1988Bulgaria
33%
1976Cuba
31.1%
1980Cuba
31.1%
1992Cuba
31.1%
1996Cuba
31.1%
2000Cuba
31.1%
1992Unified Team
14.2%

You're not logged in!

Compare scores with friends on all Sporcle quizzes.
OR
Log In

You Might Also Like...

Show Comments

Extras

Top Quizzes Today


Score Distribution

Your Account Isn't Verified!

In order to create a playlist on Sporcle, you need to verify the email address you used during registration. Go to your Sporcle Settings to finish the process.

Report this User

Report this user for behavior that violates our Community Guidelines.

Details: